000
00328nam a22001457a 4500
003
SGT
020
_a
9788126579907
082
_a
005,PRA
100
_a
PRADHAN, MANARANJAN
245
_a
MACHINE LEARNING USING PYTHON
260
_a
NEW DELHI
_b
WILEY
_c
2019
300
_a
343
650
_a
COMPUTER SCIENCE
942
_2
ddc
_c
BK
_0
77
999
_c
25839
_d
25839